• 首页
  • 本馆介绍
  • 公告通知
  • 最新文献
  • 馆藏检索
  • 电子资源
  • 读者导购
  • 参考咨询
  • 我的图书馆
  • 登录
  • 详细信息显示
  • 放入我的书架
  • 预约/预借图书
  • 作者相关作品
  • 分类相关作品
  • 丛书相关作品
  • 出版社相关作品

书目信息

  • 表格格式
  • 工作单格式
  • 卡片格式
题名:
科技服务研究
    
 
作者: 苏朝晖 著
分册:  
出版信息: 北京   社会科学文献出版社  2016
页数: 300页
开本: 24cm
丛书名: 华侨大学哲学社会科学文库
单 册:
中图分类: G315
科图分类:
主题词: 科技服务--ke ji fu wu--研究
电子资源:
ISBN: 978-7-5097-9716-7
000 01398nam0 22002891 450
001 0119171327
005 20170619171327.0
010    @a978-7-5097-9716-7@dCNY86.00
100    @a20170215d2016 em y0chiy50 ea
101 0  @achi@deng@eeng
102    @aCN@b110000
105    @ay z 000yy
106    @ar
200 1  @a科技服务研究@9ke ji fu wu yan jiu@dResearch on technology service@f苏朝晖著@zeng
210    @a北京@c社会科学文献出版社@d2016
215    @a300页@d24cm
225 2  @a华侨大学哲学社会科学文库@9hua qiao da xue zhe xue she hui ke xue wen ku@i管理学系列@f贾益民主编
314    @a苏朝晖,男,教授、硕士研究生导师。发表论文50多篇,在清华大学出版社出版《服务营销管理》《经营客户》3部专著。现任中国高等院校市场学研究会常务理事、中国客户管理专业专家指导委员会委员、国家科技专家库专家。
330    @a本书着重研究了科技服务平台的产生与功能、科技服务平台的建设与运行、科技服务平台服务质量的评价与提升,还研究了科技服务业的定义与分类、科技服务业的特点与作用,以及影响科技服务业发展的因素、国内外科技服务业发展概况,最后提出了我国科技服务业发展的战略、推动我国科技服务业发展的政策建议。
461  0 @12001 @a华侨大学哲学社会科学文库
462  0 @12001 @a管理学系列
510 1  @aResearch on technology service@zeng
606 0  @a科技服务@9ke ji fu wu@x研究
690    @aG315@v5
701  0 @a苏朝晖@9su chao hui@4著
801  0 @aCN@b百万庄@c20170617
905    @b1012791-6@dG315@e29@f6
    
    科技服务研究=Research on technology service/苏朝晖著.-北京:社会科学文献出版社,2016
    300页;24cm.-(华侨大学哲学社会科学文库.管理学系列/贾益民主编)
    
    
    ISBN 978-7-5097-9716-7:CNY86.00
    本书着重研究了科技服务平台的产生与功能、科技服务平台的建设与运行、科技服务平台服务质量的评价与提升,还研究了科技服务业的定义与分类、科技服务业的特点与作用,以及影响科技服务业发展的因素、国内外科技服务业发展概况,最后提出了我国科技服务业发展的战略、推动我国科技服务业发展的政策建议。
●
相关链接 在E读中查询图书 在五车中查询图书 在当当中查询图书 在豆瓣中查询图书


正题名:科技服务研究     索取号:G315/29         预约/预借

序号 登录号 条形码 馆藏地/架位号 状态 备注
1 1012791   210127913   第一样本阅览室/ [索取号:G315/29] 在馆    
2 1012792   210127922   教育系资料室/ [索取号:G315/29] 在馆    
3 1012793   210127931   教育系资料室/ [索取号:G315/29] 在馆    
4 1012794   210127940   教育系资料室/ [索取号:G315/29] 在馆    
5 1012795   210127959   第四借阅区/ [索取号:G315/29] 在馆    
6 1012796   210127968   第四借阅区/ [索取号:G315/29] 在馆    
唐山师范学院图书馆 欢迎您!
大连网信软件有限公司© 版权所有